00358nam a2200133Ia 450000500170000000800410001702000150005808200130007310000160008624500400010226000390014230000130018150000300019420250509070954.0240331s9999 xx 000 0 und d a9559746103 bNEEa894 aNeelavanan, 0aOththikai :bneelavanan kavithaikal aColombobNannool Pathippagamc2001 a186 p ., aCollection of Tamil Poems